Normal view
MARC view
- Palm oil
Entry Topical Term
001 - CONTROL NUMBER
- control field: 8378
003 - CONTROL NUMBER IDENTIFIER
- control field: OSt
005 - DATE AND TIME OF LATEST TRANSACTION
- control field: 20170526160412.0
008 - FIXED-LENGTH DATA ELEMENTS
- fixed length control field: 170526|| aca||aabn | a|a d
040 ## - CATALOGING SOURCE
- Original cataloging agency: OSt
- Transcribing agency: OSt
150 ## - HEADING--TOPICAL TERM
- Topical term or geographic name entry element: Palm oil
- General subdivision: Law and Legislation
- Geographic subdivision: Malaysia
670 ## - SOURCE DATA FOUND
- Source citation: Work cat.: (OSt)0: Malaysia 400, Akta Lembaga Minyak Sawit Malaysia 1998 (Akta 582) :, 1999

PORTAL AKMAL
E-MEL JKDM
AKMAL2U
G-BAM
u-PUSTAKA